| 000 | 00363nam a22001457a 4500 | ||
|---|---|---|---|
| 020 | _a 9788126540464 | ||
| 082 | _a670 | ||
| 100 | _aBlack, J T. | ||
| 245 | _aDeGarmo`s Materials And Processes in Manufacturing | ||
| 250 | _a11th ed. | ||
| 260 |
_aNew Delhi : _bWiley, _c2014. |
||
| 300 |
_a(i-v) index 115 p. ; _b25 cm. |
||
| 500 | _aPaperback. | ||
| 942 | _cBK | ||
| 999 |
_c33712 _d33712 |
||